Sports Quiz

Random Sports or Letter Quiz
Score 0/15 Timer 02:00
4 Plays Today
Teams % Correct
Cincinnati Reds
91.7%
New York Yankees
90%
Boston Red Sox
88.8%
Chicago White Sox
85.9%
Los Angeles Dodgers
77.7%
Houston Astros
73.4%
Texas Rangers
71.8%
San Francisco Giants
71.7%
Teams % Correct
Tampa Bay Rays
70.6%
Cleveland Indians
68.8%
San Diego Padres
64.6%
Pittsburgh Pirates
64.4%
Minnesota Twins
62.4%
Colorado Rockies
61.7%
Detroit Tigers
61.1%

You're not logged in!

Compare scores with friends on all Sporcle quizzes.
OR
Log In

Sporcle TV

Today on Sporcle TV


Watch our educational content, quiz creation guides, and fun videos on Sporcle TV.

Show Comments

Extras

Top Quizzes Today


Score Distribution

Your Account Isn't Verified!

In order to create a playlist on Sporcle, you need to verify the email address you used during registration. Go to your Sporcle Settings to finish the process.

Report this User

Report this user for behavior that violates our Community Guidelines.

Details: